000 00696nam a22001937a 4500
999 _c18870
_d18870
003 AR-CdUCM
008 190515b ||||| |||| 00| 0 spa d
040 _aMUNICIPALIDAD PROVINCIAL DEL CUSCO
_cBIBLIOTECA MUNICIPAL DEL CUSCO
082 _23ed.
_a330.1 /
_bA48
100 _aAmadeo, Rómulo
_939759
245 _aEconomía política y social /
260 _aBuenos Aires :
_bImp. López,
_c1945.
300 _a351 páginas ;
_c22 cm.
505 _aContenido: La ciencia económica -- El método en la economía política -- Utilidad y valor -- Producción de la riqueza...
650 _aEconomía
_9382
650 _aEconomía social
_921569
942 _2ddc
_cLIBROS
945 _aacv
_d2019-05-15